Сбор и переработка металлической стружки

التفاصيل البيبلوغرافية
المؤلف الرئيسي: Алексеенко А. В. Александр Васильевич
اللغة:الروسية
منشور في: Москва, Машиностроение, 1980
الموضوعات:
التنسيق: MixedMaterials كتاب
KOHA link:https://koha.lib.tpu.ru/cgi-bin/koha/opac-detail.pl?biblionumber=370018

MARC

LEADER 00000nam0a2200000 4500
001 370018
005 20231102012235.0
035 |a (RuTPU)RU\TPU\retro\27426 
090 |a 370018 
100 |a 20220615d1980 km y0rusy50 ca 
101 0 |a rus 
102 |a RU 
105 |a a z 001zy 
200 1 |a Сбор и переработка металлической стружки  |f А. В. Алексеенко 
210 |a Москва  |c Машиностроение  |d 1980 
215 |a 120 с.  |c ил. 
320 |a Библиогр.: с. т119 
606 1 |a Металлическая стружка  |x Брикетирование  |x Переработка  |x Штамповка  |2 stltpush  |3 (RuTPU)RU\TPU\subj\42289  |9 61968 
610 1 |a сбор 
610 1 |a переработка 
610 1 |a механизация 
610 1 |a транспортировка 
610 1 |a дробление 
610 1 |a компоновка 
675 |a 621.984  |v 4 
700 1 |a Алексеенко  |b А. В.  |g Александр Васильевич 
801 1 |a RU  |b 63413507  |c 20220615 
942 |c BK